[Event "CZE-ch U10 Girls"]
[Site "Kouty nad Desnou"]
[Date "2014.03.10"]
[Round "3"]
[White "Kovarova, Sasa"]
[Black "Muzikarova, Magdalena"]
[Result "1-0"]
[WhiteElo "1000"]
[BlackElo "1000"]
[PlyCount "57"]
[EventDate "2014.03.08"]
[EventType "swiss"]
[EventRounds "9"]
[EventCountry "CZE"]
[SourceTitle "EXT 2015"]
[Source "ChessBase"]
[SourceDate "2014.11.20"]
[SourceVersion "1"]
[SourceVersionDate "2014.11.20"]
[SourceQuality "1"]

1. e4 Nf6 2. e5 Ne4 3. Bd3 Nxf2 4. Qe2 Nxh1 5. Bc4 Nc6 6. d3 Nxe5 7. Bb5 Nxd3+ 8. Qxd3 e5 9. Be3 Bb4+ 10. Bd2 0-0 11. Bxb4 d6 12. Nc3 Be6 13. 0-0-0 Qc8 14. Nh3 Bf5 15. Ne4 Bxh3 16. gxh3 c6 17. Bc4 d5 18. Bb3 dxe4 19. Qxe4 Nf2 20. Qxe5 Nxd1 21. Kxd1 Re8 22. Qd6 Qd8 23. Kc1 Re1+ 24. Kd2 c5 25. Bxc5 b6 26. Bb4 Qg5+ 27. Kxe1 Rd8 28. Qc7 Qe7+ 29. Bxe7 1-0